| 000 | 00675nam a2200241Ia 4500 | ||
|---|---|---|---|
| 005 | 20260121112534.0 | ||
| 008 | 6809 260114s9999 xx 000 0 eng d | ||
| 020 | _a9789814287456 | ||
| 037 | _aEBOOK | ||
| 040 |
_aCRL _beng _cCRL |
||
| 041 |
_aeng _2eng |
||
| 084 | _qCRL | ||
| 100 |
_aSerra Roberto Et Al _9959241 |
||
| 245 | 0 | _aArtificial Life and Evolutionary Computation - Proceedings of Wivace 2008 | |
| 260 | _bWorld Scientific | ||
| 260 | _bWSPC | ||
| 260 | _c2009 | ||
| 650 |
_aComputer Science _9959242 |
||
| 856 | _uhttps://www.worldscientific.com/worldscibooks/10.1142/7461#t=toc | ||
| 942 | _cEBOOK | ||
| 999 |
_c1544109 _d1544109 |
||